Top 30 : Jul - Statistiques

Statistiques générales
  • Ce quiz a été pris 1 000 fois
  • Le résultat moyen est 9 sur 30
Statistiques - réponses
Top Titres Featuring % Correct
1 Bande organisée 13 Organisé, Kofs, Soso Maness, Elams, SCH, Naps, Solda, Houari
86%
2 Moulaga Heuss L'enfoiré
59%
5 J'oublie tout
53%
11 Tchikita
47%
19 Faut pas PLK
43%
9 Dybala Maes
42%
15 Ma jolie
42%
4 Se Grita Morad
37%
3 La bandite
36%
12 Sous la lune
35%
16 Oh qu'elle est belle DYSTINCT
34%
25 Bwo
33%
10 JCVD
33%
24 Le classico organisé Le classico organisé, Koba LaD, PLK, Gazo, SCH, Naps, Guy2Bezbar, Kofs; Soso Maness
33%
7 Avant la douane
32%
14 La Seleçao Alonzo, Naps
30%
8 Toto et Ninetta
30%
6 La street Morad
29%
17 Tu la love
27%
18 Italia
22%
20 Sousou
19%
26 Europa Elai, Rhove, Morad
15%
22 Mode Akimbo SCH
15%
23 Lova
13%
21 Pic et pic, alcool et drame
11%
13 J'ai tout su
10%
27 Cœur de pirate Le classico organisé, Naza, Tayc, Vegedream, Elams, Lynda, SAF, THABITI, Naps
9%
30 Ma che beauté
8%
28 La miss
7%
29 La Bellavita Paky
5%
Aucun quiz correspondant
Distribution des résultats
% des personnes avec chaque résultat
Percentile par nombre de réponses
Votre historique - résultats
Vous n’avez pas pris ce quiz